[Event "SVK-ch U14"]
[Site "Dudince"]
[Date "2023.04.19"]
[Round "5"]
[White "Lehocky, Juraj"]
[Black "Dolnik, Michal"]
[Result "0-1"]
[WhiteElo "1000"]
[BlackElo "1548"]
[PlyCount "91"]
[EventDate "2023.04.16"]
[EventType "swiss"]
[EventRounds "9"]
[EventCountry "SVK"]
[SourceTitle "CBM 213 Extra"]
[Source "ChessBase"]
[SourceDate "2023.05.31"]
[SourceVersion "1"]
[SourceVersionDate "2023.05.31"]
[SourceQuality "1"]

1. Nf3 Nf6 2. d4 d5 3. c4 e6 4. Nc3 c6 5. e3 Bd6 6. g3 Nbd7 7. b3 h6 8. Bb2 Bb4 9. Bg2 Ne4 10. Rc1 Qa5 11. Qc2 Qxa2 12. 0-0 Bxc3 13. Bxc3 Qxc2 14. Rxc2 Nxc3 15. Rxc3 Nf6 16. cxd5 exd5 17. Nd2 Bf5 18. e4 dxe4 19. Nxe4 Bxe4 20. Re3 0-0-0 21. Bxe4 Nxe4 22. Rxe4 Rhe8 23. Re3 Rxe3 24. fxe3 Rd7 25. Kf2 Kc7 26. Ke2 Kb6 27. Rf5 f6 28. Kd3 Rd5 29. e4 Rxf5 30. exf5 h5 31. Kc4 Kc7 32. b4 Kd6 33. Kd3 Kd5 34. h3 a6 35. g4 hxg4 36. hxg4 b5 37. Ke3 Kc4 38. Kf4 Kxb4 39. g5 a5 40. gxf6 gxf6 41. Ke4 a4 42. d5 cxd5+ 43. Kxd5 a3 44. Ke6 a2 45. Kxf6 a1Q+ 46. Kg6 0-1

[Event "SVK-ch U14"]
[Site "Dudince"]
[Date "2023.04.18"]
[Round "4"]
[White "Ziman, Damian"]
[Black "Lehocky, Juraj"]
[Result "1-0"]
[WhiteElo "1341"]
[BlackElo "1000"]
[PlyCount "117"]
[EventDate "2023.04.16"]
[EventType "swiss"]
[EventRounds "9"]
[EventCountry "SVK"]
[SourceTitle "CBM 213 Extra"]
[Source "ChessBase"]
[SourceDate "2023.05.31"]
[SourceVersion "1"]
[SourceVersionDate "2023.05.31"]
[SourceQuality "1"]

1. e4 e5 2. Nf3 Nc6 3. Bc4 Nf6 4. Ng5 d5 5. exd5 Na5 6. Bb5+ c6 7. dxc6 bxc6 8. Be2 h6 9. Nf3 Bd6 10. d3 Nb7 11. Nc3 0-0 12. Ne4 Nxe4 13. dxe4 Nc5 14. Bd3 Nxd3+ 15. cxd3 Bb4+ 16. Bd2 Qxd3 17. Qe2 Bxd2+ 18. Nxd2 Ba6 19. Qxd3 Bxd3 20. f3 f5 21. Rc1 fxe4 22. Nxe4 Bxe4 23. fxe4 Rf4 24. Rc4 Rd8 25. g3 Rf6 26. Ke2 Rfd6 27. Rc2 Rd4 28. Kf3 R8d6 29. Re1 g5 30. a3 h5 31. h3 g4+ 32. hxg4 Rf6+ 33. Kg2 hxg4 34. Rf2 Kf7 35. Rxf6+ Kxf6 36. Kf2 c5 37. Ke3 c4 38. Rg1 Rd3+ 39. Ke2 Rb3 40. Rb1 c3 41. Rf1+ Ke6 42. bxc3 Rxc3 43. Rh1 Rxa3 44. Rh6+ Kd7 45. Kf2 Rf3+ 46. Kg2 a5 47. Ra6 Ra3 48. Rg6 Ra2+ 49. Kf1 a4 50. Rxg4 Ra1+ 51. Kf2 a3 52. Rg7+ Kc6 53. Ra7 Kc5 54. g4 Kd4 55. Ra4+ Kc5 56. g5 Rh1 57. Rxa3 Rh5 58. g6 Rg5 59. Rg3 1-0